00729 2200205 4500001002100000005001500021035002000036008004100056245003000097100001300127250000600140260003800146300001200184084001400196082000800210650001000218520027100228990001200499990001200511INLIS00000000000133220240520102319 a0010-0524000567240520 1 ind 1 aPlayboy Dodol /cAnindita aAnindita a1 aYogyakarta :bSheila/ Andi,c2009 a202 hlm a813 ANI p a813 4aFiksi aBuku ini di buat untuk menunjukkan bahwa menjadiplayboy itu lebih banyak tidak enaknya daripadaenaknya. Secara besar buku ini menjelaskan playboyitutak selamanya enak tapi suatu ketika seorangplayboy akan mendapatkan balasannya terhadapsemua yang telah di lakukannya a0741506 a0741507